| 000 | 00801nam0a22002411 4500 | ||
|---|---|---|---|
| 001 | rc\4585050 | ||
| 005 | 20250611201503.0 | ||
| 021 |
_aRU _bРг3604-58 |
||
| 035 | _a(NLR Aleph) 008381191 | ||
| 090 |
_a9118686 _c9118686 |
||
| 100 | _a20130416d1958 |||y0rusy50 ca | ||
| 101 | 0 | _arus | |
| 102 | _aRU | ||
| 105 | _ay z ||||| | ||
| 200 | 1 |
_aЗакрытые склады для хранения свеклы и устройства вентилирования свеклы в кагатах _eТезисы доклада инж. М.Г. Мерперта (Гипросахар) |
|
| 210 |
_aМосква _cБ. и. _d1958 |
||
| 215 |
_a7 с. _d20 |
||
| 700 | 1 |
_aМерперт _bМ.Г. |
|
| 801 | 0 |
_aRU _bNLR _gpsbo |
|
| 801 | 1 |
_aRU _bELAR _2rusmarc |
|
| 852 |
_aNLR _j58-4/8113 |
||
| 942 | _cBOOK | ||
| 980 | _aNB | ||